000 00645nam a2200241 a 4500
001 nice12345678
003 IN_TiNIC
005 20260116015403.0
008 050101s2013 dela grp 000 0 eng
020 _a9788184653397
_c275
082 0 0 _a201.65
_bFER
100 _aFerrao, Victor
245 _aInvolving God in an Evolving World
_b Significance of Science-Religion Dialogue Today
260 _aDelhi
_bISPCK
_c2013
300 _a193p
500 _aincludes index and biblioraphy
505 2 _aBibliography
650 _aScience and Religion
700 1 _aFerrao, Victor
902 _bSRS
942 _cBK
999 _c19491
_d19491